Pokemon Starter Evolutions Generation 1-9 - Statistics

General Stats
  • This quiz has been taken 14 times
  • The average score is 60 of 81
Answer Stats
Generation Type Answer % Correct
1 Water Blastoise
100%
1 Grass Bulbasaur
100%
1 Fire Charizard
100%
1 Fire Charmander
100%
1 Fire Charmeleon
100%
4 Fire Infernape
100%
1 Grass Ivysaur
100%
3 Water Mudkip
100%
5 Grass Snivy
100%
1 Water Squirtle
100%
3 Water Swampert
100%
1 Grass Venusaur
100%
1 Water Wartortle
100%
2 Grass Chikorita
91%
4 Fire Chimchar
91%
2 Fire Cyndaquil
91%
5 Fire Emboar
91%
4 Water Empoleon
91%
5 Water Oshawott
91%
4 Water Piplup
91%
3 Grass Sceptile
91%
5 Grass Serperior
91%
5 Fire Tepig
91%
4 Grass Torterra
91%
2 Water Totodile
91%
3 Grass Treecko
91%
4 Grass Turtwig
91%
2 Fire Typhlosion
91%
2 Grass Bayleef
82%
3 Fire Blaziken
82%
5 Water Dewott
82%
6 Fire Fennekin
82%
2 Water Feraligatr
82%
6 Water Greninja
82%
2 Grass Meganium
82%
4 Fire Monferno
82%
8 Grass Rillaboom
82%
5 Water Samurott
82%
5 Grass Servine
82%
3 Fire Torchic
82%
6 Grass Chespin
73%
8 Fire Cinderace
73%
3 Fire Combusken
73%
2 Water Croconaw
73%
6 Water Froakie
73%
3 Grass Grovyle
73%
7 Fire Incineroar
73%
8 Water Inteleon
73%
7 Fire Litten
73%
4 Water Prinplup
73%
2 Fire Quilava
73%
8 Water Sobble
73%
7 Fire Torracat
73%
6 Grass Chesnaught
64%
7 Grass Decidueye
64%
6 Fire Delphox
64%
6 Water Frogadier
64%
8 Grass Grookey
64%
3 Water Marshtomp
64%
7 Water Primarina
64%
7 Grass Rowlet
64%
8 Fire Scorbunny
64%
6 Fire Braixen
55%
9 Fire Fuecoco
55%
4 Grass Grotle
55%
7 Water Popplio
55%
8 Fire Raboot
55%
9 Fire Skeledirge
55%
9 Grass Sprigatito
55%
8 Grass Thwackey
55%
7 Water Brionne
45%
7 Grass Dartrix
45%
8 Water Drizzile
45%
9 Water Quaquaval
45%
9 Water Quaxly
45%
6 Grass Quilladin
45%
9 Grass Floragato
36%
9 Grass Meowscarada
36%
9 Water Quaxwell
36%
9 Fire Crocalor
27%
5 Fire Pinite
9%
No matching quizzes found
Score Distribution
Percent of People with Each Score
Percentile by Number Answered
Your Score History
You have not taken this quiz